Drogenmärkte: Strukturen und Szenen des Kleinhandels

Saved in:  
Bibliographic Details
Contributors: Werse, Bernd 1970- (Editor)
Format: Print Book
Language:German
Published: Frankfurt/Main [u.a.] Campus-Verl. 2008
In:Year: 2008
Online Access: Inhaltsbeschreibung & Leseprobe
Table of Contents
Rezension (Publisher)
Availability in Tübingen:Present in Tübingen.
IFK: C XVII 806
Check availability: HBZ Gateway
Subito Delivery Service: Order now.
Keywords:

MARC

LEADER 00000cam a2200000 c 4500
001 555665453
003 DE-627
005 20260206153031.0
007 tu
008 071220s2008 gw ||||| 00| ||ger c
010 |a  2008395628 
015 |a 08,N02,0623  |2 dnb 
015 |a 08,A19,0927  |2 dnb 
016 7 |a 986753076  |2 DE-101 
020 |a 9783593386355  |c Kt. : sfr 59.00 (freier Pr.)  |9 978-3-593-38635-5 
020 |a 3593386356  |c 34,90 EurD  |9 3-593-38635-6 
020 |z 9783593386351 
024 3 |a 9783593386355 
035 |a (DE-627)555665453 
035 |a (DE-603)197267629 
035 |a (DE-576)275453820 
035 |a (DE-599)DNB986753076 
035 |a (OCoLC)239389888 
035 |a (OCoLC)221130756 
040 |a DE-627  |b ger  |c DE-627  |e rakwb 
041 |a ger 
044 |c XA-DE-HE  |c XD-US 
050 0 |a HV5801 
082 0 |a 360  |q SEPA 
082 0 4 |a 360 
084 |a PH 8520  |2 rvk  |0 (DE-625)rvk/136508: 
084 |a DS 7500  |2 rvk  |0 (DE-625)rvk/19969: 
084 |a LC 18055  |2 rvk  |0 (DE-625)rvk/90627:792 
084 |a RD 65805  |2 rvk  |0 (DE-625)rvk/142253:12866 
084 |a RD 65750  |2 rvk  |0 (DE-625)rvk/142253:12845 
084 |a PH 8240  |2 rvk  |0 (DE-625)rvk/136495: 
084 |a 71.66  |2 bkl 
084 |a 71.65  |2 bkl 
090 |a a 
245 0 0 |a Drogenmärkte  |b Strukturen und Szenen des Kleinhandels  |c Bernd Werse (Hg.) 
264 1 |a Frankfurt/Main [u.a.]  |b Campus-Verl.  |c 2008 
300 |a 418 S.  |c 21 cm 
336 |a Text  |b txt  |2 rdacontent 
337 |a ohne Hilfsmittel zu benutzen  |b n  |2 rdamedia 
338 |a Band  |b nc  |2 rdacarrier 
500 |a Literaturverz. S. [401] - 415 
650 0 |a Drug traffic  |z Germany  |z Frankfurt am Main 
650 0 |a Drug Abuse  |z Germany  |z Frankfurt am Main 
650 0 7 |0 (DE-588)4139162-7  |0 (DE-627)105637416  |0 (DE-576)20969209X  |a Drogenhandel  |2 gnd 
650 0 7 |0 (DE-588)4194510-4  |0 (DE-627)105218960  |0 (DE-576)21009463X  |a Drogenszene  |2 gnd 
650 0 7 |0 (DE-588)4150702-2  |0 (DE-627)105551422  |0 (DE-576)209782161  |a Drogenkriminalität  |2 gnd 
650 0 7 |0 (DE-588)4047516-5  |0 (DE-627)106194380  |0 (DE-576)209073810  |a Prostitution  |2 gnd 
650 0 7 |0 (DE-588)4048610-2  |0 (DE-627)106190091  |0 (DE-576)20907860X  |a Rauschgift  |2 gnd 
650 0 7 |0 (DE-588)4134612-9  |0 (DE-627)105671290  |0 (DE-576)209653779  |a Bordell  |2 gnd 
651 7 |0 (DE-588)4018118-2  |0 (DE-627)106327356  |0 (DE-576)208922695  |a Frankfurt am Main  |2 gnd 
651 7 |0 (DE-588)4100337-8  |0 (DE-627)105937037  |0 (DE-576)209360186  |a Flughafen Frankfurt  |g Frankfurt am Main  |2 gnd 
655 7 |a Aufsatzsammlung  |0 (DE-588)4143413-4  |0 (DE-627)105605727  |0 (DE-576)209726091  |2 gnd-content 
689 0 0 |d g  |0 (DE-588)4018118-2  |0 (DE-627)106327356  |0 (DE-576)208922695  |a Frankfurt am Main  |2 gnd 
689 0 1 |d s  |0 (DE-588)4139162-7  |0 (DE-627)105637416  |0 (DE-576)20969209X  |a Drogenhandel  |2 gnd 
689 0 |5 DE-101 
700 1 |a Werse, Bernd  |d 1970-  |e Hrsg.  |0 (DE-588)132287226  |0 (DE-627)546762387  |0 (DE-576)27170134X  |4 edt 
856 4 2 |u http://www.socialnet.de/rezensionen/isbn.php?isbn=978-3-593-38635-5  |m V:DE-601  |m B:socialnet.  |q text/html  |v 201307-05  |x Verlag  |y Rezension (socialnet.)  |3 Rezension  |7 1 
856 4 2 |u https://swbplus.bsz-bw.de/bsz275453820inh.htm  |m V:DE-576  |v 2008-06-09  |3 Inhaltsverzeichnis  |7 1 
856 4 2 |u http://d-nb.info/986753076/04  |m B:DE-101  |q application/pdf  |3 Inhaltsverzeichnis  |7 1 
856 4 2 |u https://www.campus.de/buecher-campus-verlag/wissenschaft/soziologie/drogenmaerkte-3233.html  |q application  |y Inhaltsbeschreibung & Leseprobe  |7 1 
935 |i sf 
935 |i Blocktest 
936 r v |a PH 8520  |b Alkoholismus; Verwahrlosung; Nichtsesshafter, Obdachloser; Arbeitslosigkeit; Armut, Neue Armut; Drogenmissbrauch, Drogenabhängigkeit, Drogenkonsum; Drogenkriminalität; Beschaffungskriminalität  |k Rechtswissenschaft  |k Strafrecht, Strafverfahrensrecht, Kriminologie  |k Kriminologie  |k Weitere Problemfelder  |k Alkoholismus; Verwahrlosung; Nichtsesshafter, Obdachloser; Arbeitslosigkeit; Armut, Neue Armut; Drogenmissbrauch, Drogenabhängigkeit, Drogenkonsum; Drogenkriminalität; Beschaffungskriminalität  |0 (DE-627)1272237907  |0 (DE-625)rvk/136508:  |0 (DE-576)202237907 
936 r v |a DS 7500  |b Betreuung von Suchtkranken, Drogenerziehung  |k Pädagogik  |k Sozialpädagogik, Sozialarbeit  |k Berufsfelder  |k Betreuung von Suchtkranken, Drogenerziehung  |0 (DE-627)1270784536  |0 (DE-625)rvk/19969:  |0 (DE-576)200784536 
936 r v |a LC 18055  |b Hessen  |k Sozial- und Kulturanthropologie. Empirische Kulturwissenschaft  |k Materielle Kultur und Wirtschaftsethnologie  |k Materielle Kultur und Konsum  |k Drogen und Genussmittel  |k Europa  |k Mitteleuropa  |k Deutschland  |k Mittel- und Westdeutschland  |k Hessen  |0 (DE-627)1398898848  |0 (DE-625)rvk/90627:792  |0 (DE-576)328898848 
936 r v |a RD 65805  |b Sozialräumliche Gliederung (Sozialgruppen,  |k Geografie  |k Regionale Geografie  |k Europa  |k Mitteleuropa  |k Deutschland  |k Deutschland (Westliche Länder)  |k Westdeutschland, Mittelgebirgsschwelle  |k Hessen  |k Wetterau und Rhein-Main-Gebiet (mit Frankfurt/M. und Wiesbaden)  |k Allgemeine Geografie  |k Anthropogeografie  |k Sozialgeografie und Politische Geografie  |k Teilgebiete und Einzelfragen  |k Sozialräumliche Gliederung (Sozialgruppen,  |0 (DE-627)1272218430  |0 (DE-625)rvk/142253:12866  |0 (DE-576)202218430 
936 r v |a RD 65750  |b Handelsverkehr und Handelsgüter  |k Geografie  |k Regionale Geografie  |k Europa  |k Mitteleuropa  |k Deutschland  |k Deutschland (Westliche Länder)  |k Westdeutschland, Mittelgebirgsschwelle  |k Hessen  |k Wetterau und Rhein-Main-Gebiet (mit Frankfurt/M. und Wiesbaden)  |k Allgemeine Geografie  |k Anthropogeografie  |k Wirtschafts-, Handels- und Verkehrsgeografie  |k Handelsgeografie, Dienstleistungsgeografie  |k Teilgebiete und Einzelfragen  |k Handelsverkehr und Handelsgüter  |0 (DE-627)1275433618  |0 (DE-625)rvk/142253:12845  |0 (DE-576)205433618 
936 r v |a PH 8240  |b Kriminalpolitik, Kriminalisierung und Entkriminalisierung; Kriminalität / Prävention; Meinung und Einstellung der Bevölkerung zur Kriminalität und Verbrechenskontrolle; Kriminalitätsfurcht; Ökonomik von Kriminalität  |k Rechtswissenschaft  |k Strafrecht, Strafverfahrensrecht, Kriminologie  |k Kriminologie  |k Kriminalität und Kriminalpolitik  |k Kriminalpolitik, Kriminalisierung und Entkriminalisierung; Kriminalität / Prävention; Meinung und Einstellung der Bevölkerung zur Kriminalität und Verbrechenskontrolle; Kriminalitätsfurcht; Ökonomik von Kriminalität  |0 (DE-627)1271677105  |0 (DE-625)rvk/136495:  |0 (DE-576)201677105 
936 b k |a 71.66  |j Sucht als soziales Problem  |0 (DE-627)106412256 
936 b k |a 71.65  |j Kriminalität als soziales Problem  |0 (DE-627)106412248 
936 s n |a d100  |2 mzub 
936 s n |a p100  |2 mzub 
936 s n |a l100  |2 mzub 
936 s n |a r100  |2 mzub 
936 s n |a m200  |2 mzub 
951 |a BO 
ELC |b 1 
LOK |0 000 xxxxxcx a22 zn 4500 
LOK |0 001 314946997X 
LOK |0 003 DE-627 
LOK |0 004 555665453 
LOK |0 005 20080417155913 
LOK |0 008 080417||||||||||||||||ger||||||| 
LOK |0 040   |a DE-21-110  |c DE-627  |d DE-21-110 
LOK |0 541   |e 08/88 
LOK |0 689   |a s  |a Drogenhandel 
LOK |0 689   |a s  |a Drogenschmuggel 
LOK |0 689   |a s  |a Kleinhandel 
LOK |0 689   |a s  |a Cannabis 
LOK |0 689   |a s  |a Drogendealer 
LOK |0 689   |a s  |a Ausländerjugendliche 
LOK |0 689   |a s  |a Straßenszene 
LOK |0 689   |a s  |a Prostitution 
LOK |0 689   |a s  |a Crackkonsumenten 
LOK |0 689   |a s  |a Drogen 
LOK |0 689   |a s  |a Bordell 
LOK |0 689   |a s  |a Drogenpolitik 
LOK |0 689   |a s  |a Repression 
LOK |0 689   |a s  |a Legalisierung 
LOK |0 852   |a DE-21-110 
LOK |0 852 1  |c C XVII 806  |m p  |9 00 
LOK |0 936ln  |a 9.7 
LOK |0 938   |k p 
LOK |0 939   |a 17-04-08  |b l01 
ORI |a SA-MARC-krimdoka001.raw 
SIG |a IFK: C XVII 806